|
|
|
|
| LEADER |
00000ny a22000003n 4500 |
| 005 |
20110622125022.0 |
| 008 |
091223s2007 po 000 0 eng d |
| 020 |
|
|
|a 9789729427466
|
| 035 |
|
|
|a 1814
|
| 040 |
|
|
|a BUS
|d vLex
|
| 090 |
|
|
|c 1003
|d 1003
|
| 100 |
1 |
|
|a Leitó, Helder Martins
|
| 245 |
1 |
0 |
|a Da Acȯ́ de Divr̤cio e da Separaȯ́ Judicial de Pessoas e Bens
|h [Recurso electrn̤ico]
|c Helder Martins Leitó
|
| 256 |
|
|
|a Servicio en ln̕ea
|
| 260 |
|
|
|a Portugal :
|b Almeida & Leitó,
|c 2007
|
| 300 |
|
|
|a p. ;
|c cm
|
| 506 |
1 |
|
|a Contenido solo disponible en los productos indicados
|d vLex Global
|d vLex Global (Academic Edition, excluding Law Schools)
|d vLex Global (U.S. Academic Edition, Law Schools)
|d vLex Global (U.S. Academic Edition, excluding Law Schools)
|d vLex Global (Academic Edition, Law Schools)
|
| 650 |
0 |
4 |
|a Divorcio
|x Derecho
|
| 740 |
0 |
|
|a vLex Libros (Servicios en ln̕ea)
|
| 856 |
4 |
0 |
|u http://vlex.com/source/1814
|z Acceso restringido
|
| 942 |
|
|
|c BOOK
|